Aeoluku adin sishu asil (Record no. 2785)

MARC details
000 -LEADER
fixed length control field 00566cam a2200217ua 4500
001 - CONTROL NUMBER
control field 2939
005 - DATE AND TIME OF LATEST TRANSACTION
control field 20260515113616.0
008 - FIXED-LENGTH DATA ELEMENTS--GENERAL INFORMATION
fixed length control field 110919n ii |||gr||||Z||||||eng
020 ## - INTERNATIONAL STANDARD BOOK NUMBER
International Standard Book Number 81-237-3598-7
040 ## - CATALOGING SOURCE
Transcribing agency MAIN
082 ## - DEWEY DECIMAL CLASSIFICATION NUMBER
Classification number 920
100 1# - MAIN ENTRY--PERSONAL NAME
Personal name Thangamani,
Relator term Author.
245 11 - TITLE STATEMENT
Title Aeoluku adin sishu asil
Statement of responsibility, etc. by Thangamani
250 ## - EDITION STATEMENT
Edition statement 1st.
260 ## - PUBLICATION, DISTRIBUTION, ETC.
Place of publication, distribution, etc. New Delhi:
Name of publisher, distributor, etc. National book trust,
Date of publication, distribution, etc. 2001.
300 ## - PHYSICAL DESCRIPTION
Extent 135p:
Dimensions 23cm.
653 ## - INDEX TERM--UNCONTROLLED
Uncontrolled term Biography
653 ## - INDEX TERM--UNCONTROLLED
Uncontrolled term Biography of Aeoluku adin sishu asil
700 1# - ADDED ENTRY--PERSONAL NAME
Personal name Mahanta, Amitjyoti,
Relator term Translator.
942 ## - ADDED ENTRY ELEMENTS (KOHA)
Koha item type Books
Holdings
Withdrawn status Lost status Damaged status Not for loan Home library Current library Shelving location Date acquired Total checkouts Full call number Barcode Date last seen Copy number Price effective from Koha item type
        Naharkatiya College Library Naharkatiya College Library General stacks 09/19/2020   920 | THA 16812 09/19/2020 1 09/19/2020 Books